Manual of Drilling Technology (Record no. 14186)

MARC details
000 -LEADER
fixed length control field 00224nam a22001097a 4500
082 ## - DEWEY DECIMAL CLASSIFICATION NUMBER
Classification number 622.23CHU
100 ## - MAIN ENTRY--AUTHOR NAME
Personal name Chugh
245 ## - TITLE STATEMENT
Title Manual of Drilling Technology
260 ## - PUBLICATION, DISTRIBUTION, ETC. (IMPRINT)
Place of publication New Delhi
Year of publication 1985
300 ## - PHYSICAL DESCRIPTION
Number of Pages 567
942 ## - ADDED ENTRY ELEMENTS (KOHA)
Koha item type Books
Holdings
Withdrawn status Lost status Collection code Home library Current library Date acquired Cost, normal purchase price Full call number Accession Number Koha item type
    Reference Reference Section Reference Section 21/09/2015 106.00 622.23CHU (Shelf - 68D) 12204 Books